<?xml version="1.0" encoding="UTF-8"?>
<record
    xmlns:xsi="http://www.w3.org/2001/XMLSchema-instance"
    xsi:schemaLocation="http://www.loc.gov/MARC21/slim http://www.loc.gov/standards/marcxml/schema/MARC21slim.xsd"
    xmlns="http://www.loc.gov/MARC21/slim">

  <leader>01073nam a2200277   4500</leader>
  <controlfield tag="001">55</controlfield>
  <controlfield tag="003">OSt</controlfield>
  <controlfield tag="005">20250528074010.0</controlfield>
  <controlfield tag="008">250122b        |||||||e |||| 00| 1 eng d</controlfield>
  <datafield tag="040" ind1=" " ind2=" ">
    <subfield code="b">por</subfield>
  </datafield>
  <datafield tag="041" ind1=" " ind2=" ">
    <subfield code="h">eng</subfield>
    <subfield code="a">por</subfield>
  </datafield>
  <datafield tag="082" ind1=" " ind2=" ">
    <subfield code="a">813</subfield>
    <subfield code="b">B627m</subfield>
  </datafield>
  <datafield tag="100" ind1="1" ind2=" ">
    <subfield code="a">Black, Jonathan,</subfield>
    <subfield code="d">1955-</subfield>
    <subfield code="9">150</subfield>
  </datafield>
  <datafield tag="245" ind1=" " ind2=" ">
    <subfield code="a">MegaCorp</subfield>
    <subfield code="b">Multinacionais em guerra /</subfield>
    <subfield code="c">Black, Jonathan ;  Tradu&#xE7;&#xE3;o de Bela Von Block</subfield>
  </datafield>
  <datafield tag="260" ind1=" " ind2=" ">
    <subfield code="a">S&#xE3;o Paulo</subfield>
    <subfield code="b">C&#xED;rculo do Livro</subfield>
  </datafield>
  <datafield tag="300" ind1=" " ind2=" ">
    <subfield code="a">471 p.</subfield>
  </datafield>
  <datafield tag="520" ind1=" " ind2=" ">
    <subfield code="a">O livro conta a hist&#xF3;ria de Paul Verhadt, dono de um imp&#xE9;rio financeiro em cont&#xED;nua expans&#xE3;o. Passando pelos gabinetes corruptos de Washington e os est&#xFA;dios de Hollywood, sua ambi&#xE7;&#xE3;o n&#xE3;o tem limites, at&#xE9; que ele resolve financiar um golpe militar em um pa&#xED;s da Am&#xE9;rica Central. Um romance que desvenda o segredo das multinacionais.</subfield>
  </datafield>
  <datafield tag="650" ind1=" " ind2="0">
    <subfield code="a">Literatura Americana</subfield>
    <subfield code="9">84</subfield>
  </datafield>
  <datafield tag="650" ind1=" " ind2="0">
    <subfield code="a">Politica</subfield>
    <subfield code="9">138</subfield>
  </datafield>
  <datafield tag="650" ind1=" " ind2="0">
    <subfield code="a">Ditadura</subfield>
    <subfield code="9">34</subfield>
  </datafield>
  <datafield tag="650" ind1=" " ind2="0">
    <subfield code="a">Corrup&#xE7;&#xE3;o</subfield>
    <subfield code="9">151</subfield>
  </datafield>
  <datafield tag="655" ind1=" " ind2="0">
    <subfield code="a">Romance</subfield>
    <subfield code="9">23</subfield>
  </datafield>
  <datafield tag="655" ind1=" " ind2="0">
    <subfield code="a">Fic&#xE7;&#xE3;o </subfield>
    <subfield code="9">22</subfield>
  </datafield>
  <datafield tag="700" ind1=" " ind2=" ">
    <subfield code="a">Bela Von Black</subfield>
    <subfield code="e">Tradutor</subfield>
    <subfield code="9">152</subfield>
  </datafield>
  <datafield tag="942" ind1=" " ind2=" ">
    <subfield code="2">ddc</subfield>
    <subfield code="n">0</subfield>
    <subfield code="c">BK</subfield>
  </datafield>
  <datafield tag="952" ind1=" " ind2=" ">
    <subfield code="0">0</subfield>
    <subfield code="1">0</subfield>
    <subfield code="2">ddc</subfield>
    <subfield code="4">0</subfield>
    <subfield code="7">0</subfield>
    <subfield code="8">FIC</subfield>
    <subfield code="a">BIBIB</subfield>
    <subfield code="b">BIBIB</subfield>
    <subfield code="c">LE</subfield>
    <subfield code="d">2017-05-23</subfield>
    <subfield code="e">doa&#xE7;&#xE3;o</subfield>
    <subfield code="l">0</subfield>
    <subfield code="o">813 / B627m</subfield>
    <subfield code="p">2025-15629</subfield>
    <subfield code="r">2025-01-20 08:34:18</subfield>
    <subfield code="w">2025-01-20</subfield>
    <subfield code="y">BK</subfield>
  </datafield>
  <datafield tag="999" ind1=" " ind2=" ">
    <subfield code="c">55</subfield>
    <subfield code="d">55</subfield>
  </datafield>
</record>
